Vrai ou Faux - Reine d'Angleterre - Statistiques

Statistiques générales
  • Ce quiz a été pris 405 fois
  • Le résultat moyen est 12 sur 15
Statistiques - réponses
Question Réponse % Correct
Elle détient le record du règne le plus long en Grande Bretagne. VRAI
95%
La reine parlait très bien le français. VRAI
92%
Elle avait visité tous les pays du monde. FAUX
87%
Sa soeur cadette, Margaret, née en 1930 est décédée en 2002. VRAI
87%
La reine a eu 5 enfants. FAUX
84%
La reine n’avait pas de passeport ni de permis de conduire. VRAI
84%
Ses proches et sa famille la surnommait "Lilibet" VRAI
84%
Elle etait passionnée de Football et assistait à presque tous les matches d'Arsenal. FAUX
82%
Son mariage avec le prince est le mariage royal britannique le plus long de l’histoire. VRAI
79%
Son portrait apparaissait sur toutes les pièces de monnaies en Grande Bretagne mais pas sur les billets. FAUX
76%
Elle a fait une apparition en personne dans un épisode de "Une nounou d'enfer" en 1996. FAUX
74%
Elle ne mangeait jamais à la même table que son époux. FAUX
74%
Elle aurait fêté ses 100 ans en 2023. FAUX
68%
C’est la première monarque à envoyer un mail en 1976. VRAI
68%
Elle possèdait tous les esturgeons, baleines, marsouins,dauphins et cygnes du Royaume-Uni. VRAI
58%
Aucun quiz correspondant
Distribution des résultats
% des personnes avec chaque résultat
Percentile par nombre de réponses
Votre historique - résultats
Vous n’avez pas pris ce quiz